[Event "Romanian Open 2019"]
[Site "Alba Iulia"]
[Date "2019.10.31"]
[Round "6.6"]
[White "Filip, Lucian-Ioan"]
[Black "Ashwath, R.."]
[Result "1/2-1/2"]
[WhiteElo "2418"]
[BlackElo "2340"]
[Annotator "NA"]
[PlyCount "25"]
[EventDate "2019.10.28"]
[EventType "swiss"]
[EventCountry "ROU"]
[SourceTitle "playchess.com"]
[Source "ChessBase"]
[SourceQuality "1"]
[TimeControl "5400+30"]

1. d4 {[%emt 0:04:32]} Nf6 {[%emt 0:00:00]} 2. c4 {[%emt 0:00:12]} e6 {[%emt 0:00:00]} 3. Nf3 {[%emt 0:00:07]} d5 {[%emt 0:00:00]} 4. g3 {[%emt 0:00:10]} dxc4 {[%emt 0:00:18]} 5. Bg2 {[%emt 0:00:07]} c5 {[%emt 0:00:11]} 6. O-O {[%emt 0:00:19]} Nc6 {[%emt 0:00:13]} 7. dxc5 {[%emt 0:00:25]} Qxd1 {[%emt 0:00:28]} 8. Rxd1 {[%emt 0:00:03]} Bxc5 {[%emt 0:00:09]} 9. Nbd2 {[%emt 0:00:37]} c3 {[%emt 0:00:16]} 10. bxc3 {[%emt 0:00:06]} O-O {[%emt 0:00:14]} 11. Nb3 {[%emt 0:00:49]} Be7 {[%emt 0:00:17]} 12. c4 {[%emt 0:07:36]} Bd7 {[%emt 0:02:02]} 13. Bb2 {[%emt 0:06:07]} 1/2-1/2

[Event "Romanian Open 2019"]
[Site "Alba Iulia"]
[Date "2019.10.31"]
[Round "6.7"]
[White "Secheres, Adrian-Simion"]
[Black "Bhambure, Shantanu"]
[Result "0-1"]
[WhiteElo "2397"]
[BlackElo "2291"]
[Annotator "TA"]
[PlyCount "64"]
[EventDate "2019.10.28"]
[EventType "swiss"]
[EventCountry "ROU"]
[SourceTitle "playchess.com"]
[Source "ChessBase"]
[SourceQuality "1"]

{[%evp 9,88,23,20,12,34,9,31,19,29,12,27,14,26,0,19,11,8,0,10,-39,21,-10,-25,-41,-36,-39,-45,-36,-37,-64,-79,-77,-63,-100,-83,-106,-105,-127,-131,-216,-214,-205,-214,-245,-251,-240,-214,-263,-168,-200,-158,-337,-319,-333,-315,-325,-272,-336,-315,-319,-282,-579,-572,-587,-586,-588,-581,-887,-891,-876,-862,-779,-755,-906,-881,-1639,-1607,-1441,-1479,-1504,-1334]} 1. e4 c5 2. Nf3 d6 3. Bb5+ Nd7 4. O-O a6 5. Bd3 Ngf6 6. Re1 {B51: Sicilian: Moscow Variation (3 Bb5+) without 3...Bd7} b5 7. c3 Bb7 8. a4 {White is slightly better.} c4 9. Bc2 e6 10. d3 $146 ({Predecessor:} 10. d4) 10... cxd3 11. Qxd3 Nc5 12. Qe2 bxa4 13. Be3 {And now Bxc5 would win.} Nfd7 14. Rd1 Qc7 (14... Be7 $15) 15. Bg5 h6 $36 {[%mdl 2048] Black has some pressure.} 16. Bh4 Be7 17. Bxe7 Kxe7 18. Nbd2 Nb6 19. Nf1 Rhd8 20. Ng3 Kf8 21. Nd4 a5 22. Qg4 {[#]} Qe7 $1 23. h4 Nc4 24. Nh5 (24. Rdb1 $17 {was called for.}) 24... g6 $19 25. Ng3 e5 26. Qe2 Nxb2 ({Less strong is} 26... exd4 27. Qxc4 dxc3 28. Qxc3 $15) 27. Rdb1 exd4 28. cxd4 Nb3 (28... Qxh4 29. Rxb2 Ba6 30. Qd2 $15) 29. Bxb3 axb3 30. Rxb2 $2 (30. Qe3 $17 {was the only defense.}) 30... a4 ({Weaker is} 30... Qxh4 31. Rxb3 Bc6 32. Rb6 $15) 31. h5 Kg7 32. f4 Qf6 {Played: Qe7-h4} 0-1

[Event "Romanian Open 2019"]
[Site "Alba Iulia"]
[Date "2019.10.31"]
[Round "6.8"]
[White "Banzea, Alexandru-Bogdan"]
[Black "Gomes, Mary Ann"]
[Result "0-1"]
[WhiteElo "2389"]
[BlackElo "2268"]
[Annotator "NA RC"]
[PlyCount "86"]
[EventDate "2019.10.28"]
[EventType "swiss"]
[EventCountry "ROU"]
[SourceTitle "playchess.com"]
[Source "ChessBase"]
[SourceQuality "1"]
[TimeControl "5400+30"]

1. e4 {[%emt 0:00:00]} c5 {[%emt 0:00:00]} 2. Nf3 {[%emt 0:00:03]} e6 {[%emt 0:00:00]} 3. d4 {[%emt 0:00:06]} cxd4 {[%emt 0:00:00]} 4. Nxd4 {[%emt 0:00:06]} a6 {[%emt 0:00:00]} 5. Bd3 {[%emt 0:00:17]} Qc7 {[%emt 0:00:16]} 6. O-O {[%emt 0:00:55]} Nf6 {[%emt 0:00:07]} 7. Be3 {[%emt 0:03:02]} d6 {[%emt 0:00:33]} 8. Nd2 {[%emt 0:04:10]} Nbd7 {[%emt 0:00:32]} 9. f4 {[%emt 0:00:22]} Be7 {[%emt 0:00:53]} 10. Kh1 {[%emt 0:02:42]} Nc5 {[%emt 0:00:35]} 11. b4 {[%emt 0:01:32]} Na4 {[%emt 0:02:43]} 12. Qf3 {[%emt 0:02:43]} Nc3 {[%emt 0:02:05]} 13. a4 {[%emt 0:05:30]} e5 {[%emt 0:03:48]} 14. Nf5 {[%emt 0:01:19]} Bxf5 {[%emt 0:00:09]} 15. exf5 {[%emt 0:00:05]} Nfd5 {[%emt 0:00:31]} 16. Ne4 {[%emt 0:08:10]} Nxe3 {[%emt 0:14:34]} 17. Qxe3 {[%emt 0:01:50]} Nd5 {[%emt 0:01:10]} 18. Qg3 {[%emt 0:00:36]} Bf6 {[%emt 0:07:04]} 19. Rae1 {[%emt 0:07:00]} O-O-O {[%emt 0:07:37]} 20. fxe5 {[%emt 0:05:16]} Bxe5 {[%emt 0:00:34]} 21. Qf2 {[%emt 0:01:37]} Nxb4 {[%emt 0:04:12]} 22. Rb1 {[%emt 0:00:56]} Nc6 {[%emt 0:01:11]} 23. c3 {[%emt 0:01:20]} Na5 {[%emt 0:09:52]} 24. f6 {[%emt 0:01:51]} g6 {[%emt 0:02:38]} 25. Qe2 {[%emt 0:03:58]} Rhe8 {[%emt 0:10:37]} 26. Qg4+ {[%emt 0:08:01]} Qd7 {[%emt 0:01:21]} 27. Qh4 {[%emt 0:00:08]} h6 {[%emt 0:01:40]} 28. h3 {[%emt 0:02:06]} h5 {[%emt 0:07:13]} 29. Nd2 {[%emt 0:03:49]} d5 {[%emt 0:01:15]} 30. Nb3 {[%emt 0:02:45]} Nxb3 {[%emt 0:00:55]} 31. Rxb3 {[%emt 0:00:08]} Bb8 {[%emt 0:01:08]} 32. Rfb1 {[%emt 0:09:14]} Qd6 {[%emt 0:02:00]} 33. g3 {[%emt 0:02:11]} Rd7 {[%emt 0:00:18]} 34. Qf4 {[%emt 0:05:08]} Qxf4 {[%emt 0:02:55]} 35. gxf4 {[%emt 0:00:04]} Re6 {[%emt 0:00:08]} 36. f5 {[%emt 0:01:19]} Rxf6 {[%emt 0:00:05]} 37. Rg1 {[%emt 0:01:18]} Re7 {[%emt 0:05:01]} 38. fxg6 {[%emt 0:02:13]} Re3 {[%emt 0:01:10]} 39. Rf1 {[%emt 0:02:14]} Rxh3+ {[%emt 0:00:21]} 40. Kg2 {[%emt 0:00:09]} Rg3+ {[%emt 0:00:20]} 41. Kh1 {[%emt 0:00:04]} Rxf1+ {[%emt 0:00:39]} 42. Bxf1 {[%emt 0:00:07]} fxg6 {[%emt 0:00:06]} 43. Bg2 {[%emt 0:00:12]} Rd3 {[%emt 0:00:42]} 0-1

[Event "Romanian Open 2019"]
[Site "Alba Iulia"]
[Date "2019.10.31"]
[Round "6.9"]
[White "Nastore, Pavel-Alexandru"]
[Black "Nester, Ihor"]
[Result "1/2-1/2"]
[WhiteElo "2030"]
[BlackElo "2381"]
[Annotator "RC"]
[PlyCount "109"]
[EventDate "2019.10.28"]
[EventType "swiss"]
[EventCountry "ROU"]
[SourceTitle "playchess.com"]
[Source "ChessBase"]
[SourceQuality "1"]
[TimeControl "5400+30"]

1. e4 {[%emt 0:00:00]} e5 {[%emt 0:03:01]} 2. Nf3 {[%emt 0:00:00]} Nc6 {[%emt 0:00:04]} 3. Bb5 {[%emt 0:00:00]} a6 {[%emt 0:00:06]} 4. Ba4 {[%emt 0:00:00]} Nge7 {[%emt 0:00:35]} 5. O-O {[%emt 0:00:07]} g6 {[%emt 0:00:08]} 6. c3 {[%emt 0:05:52]} Bg7 {[%emt 0:00:26]} 7. d4 {[%emt 0:01:44]} exd4 {[%emt 0:00:27]} 8. cxd4 {[%emt 0:00:27]} b5 {[%emt 0:00:05]} 9. Bb3 {[%emt 0:01:47]} d6 {[%emt 0:00:32]} 10. h3 {[%emt 0:01:49]} O-O {[%emt 0:00:22]} 11. Bg5 {[%emt 0:08:52]} h6 {[%emt 0:00:34]} 12. Be3 {[%emt 0:02:09]} Na5 {[%emt 0:00:46]} 13. Bc2 {[%emt 0:00:32]} Nc4 {[%emt 0:02:21]} 14. Bc1 {[%emt 0:01:41]} c5 {[%emt 0:00:32]} 15. Nc3 {[%emt 0:07:17]} cxd4 {[%emt 0:01:26]} 16. Nxd4 {[%emt 0:01:45]} Bb7 {[%emt 0:00:49]} 17. b3 {[%emt 0:08:23]} Nb6 {[%emt 0:26:09]} 18. f4 {[%emt 0:03:27]} Nc6 {[%emt 0:04:48]} 19. Be3 {[%emt 0:10:47]} Rc8 {[%emt 0:01:54]} 20. Nce2 {[%emt 0:05:57]} Re8 {[%emt 0:14:41]} 21. Re1 {[%emt 0:04:47]} Nb4 {[%emt 0:01:51]} 22. Bb1 {[%emt 0:08:19]} Bxe4 {[%emt 0:00:23]} 23. Qd2 {[%emt 0:00:46]} N4d5 {[%emt 0:02:54]} 24. Bf2 {[%emt 0:00:23]} Qd7 {[%emt 0:12:08]} 25. f5 {[%emt 0:03:34]} g5 {[%emt 0:03:10]} 26. h4 {[%emt 0:00:32]} Qd8 {[%emt 0:01:02]} 27. Ng3 {[%emt 0:01:05]} Bxb1 {[%emt 0:00:11]} 28. Raxb1 {[%emt 0:00:28]} Nf4 {[%emt 0:03:58]} 29. Rxe8+ {[%emt 0:00:59]} Qxe8 {[%emt 0:00:02]} 30. hxg5 {[%emt 0:00:09]} hxg5 {[%emt 0:00:04]} 31. Re1 {[%emt 0:03:09]} Qd8 {[%emt 0:01:58]} 32. Ne4 {[%emt 0:08:08]} d5 {[%emt 0:09:26]} 33. Ng3 {[%emt 0:02:50]} Qc7 {[%emt 0:01:33]} 34. f6 {[%emt 0:05:04]} Bxf6 {[%emt 0:00:02]} 35. Ngf5 {[%emt 0:00:06]} Nd7 {[%emt 0:06:03]} 36. Ne7+ {[%emt 0:03:46]} Bxe7 {[%emt 0:00:07]} 37. Rxe7 {[%emt 0:00:02]} Qc1+ {[%emt 0:01:09]} 38. Qxc1 {[%emt 0:00:08]} Rxc1+ {[%emt 0:00:03]} 39. Kh2 {[%emt 0:00:03]} Nf6 {[%emt 0:00:22]} 40. Be1 {[%emt 0:01:50]} Ra1 {[%emt 0:03:04]} 41. Bc3 {[%emt 0:01:14]} Rxa2 {[%emt 0:00:02]} 42. Nf5 {[%emt 0:00:17]} Rxg2+ {[%emt 0:00:12]} 43. Kh1 {[%emt 0:00:03]} Re2 {[%emt 0:00:57]} 44. Bxf6 {[%emt 0:00:18]} Rxe7 {[%emt 0:00:07]} 45. Nxe7+ {[%emt 0:00:49]} Kf8 {[%emt 0:00:01]} 46. Bxg5 {[%emt 0:00:22]} Ne6 {[%emt 0:00:01]} 47. Bh4 {[%emt 0:00:07]} d4 {[%emt 0:00:40]} 48. Nd5 {[%emt 0:00:30]} a5 {[%emt 0:00:54]} 49. Be1 {[%emt 0:00:35]} a4 {[%emt 0:00:01]} 50. bxa4 {[%emt 0:00:21]} bxa4 {[%emt 0:00:01]} 51. Nb6 {[%emt 0:00:10]} a3 {[%emt 0:00:59]} 52. Bb4+ {[%emt 0:00:05]} Kg7 {[%emt 0:00:03]} 53. Bxa3 {[%emt 0:00:04]} Kf6 {[%emt 0:00:10]} 54. Kg2 {[%emt 0:00:08]} Ke5 {[%emt 0:00:05]} 55. Kf3 {[%emt 0:00:32]} 1/2-1/2

[Event "Romanian Open 2019"]
[Site "Alba Iulia"]
[Date "2019.10.31"]
[Round "6.10"]
[White "Ognean, Mihnea-Ionut"]
[Black "Istratescu, Andrei"]
[Result "0-1"]
[WhiteElo "2285"]
[BlackElo "2564"]
[Annotator "TA"]
[PlyCount "48"]
[EventDate "2019.10.28"]
[EventType "swiss"]
[EventCountry "ROU"]
[SourceTitle "playchess.com"]
[Source "ChessBase"]
[SourceQuality "1"]

{[%evp 12,54,14,-5,14,13,43,-18,39,14,47,8,25,29,27,13,31,0,2,-63,-36,-64,-21,-92,-113,-103,-102,-194,-183,-188,-189,-244,-228,-235,-243,-397,-389,-480,-479,-477,-471,-460,-461,-962,-920]} 1. d4 Nf6 2. c4 e6 3. Nc3 Bb4 4. f3 c5 5. d5 d6 6. e4 O-O 7. Nge2 a6 {E20: Nimzo-Indian: 4 g3 and 4 f3} 8. Ng3 b5 9. Bd2 (9. Bf4 $14) 9... exd5 (9... Nbd7 $11) 10. cxd5 $14 Nbd7 11. Be2 c4 12. O-O $146 ({Predecessor:} 12. Be3 Bc5 13. Bxc5 Nxc5 14. b4 cxb3 15. axb3 {0-1 (26) Khenkin,I (2600)-Dgebuadze,A (2505) El Sauzal 2007}) 12... Re8 13. Kh1 Bc5 14. a3 Rb8 15. f4 (15. Na2 $11) 15... Bd4 16. Bf3 $1 Nc5 17. Qc2 (17. Nce2 $1 $11 {keeps the balance.} Bxb2 18. Ra2) 17... Nd3 18. Nd1 {[#]} h5 $1 {[%mdl 512]} 19. Ne2 (19. f5 $17) (19. Bxh5 Nxe4) 19... Bb6 $19 20. Nec3 Ng4 21. Bxg4 (21. g3 {is a better defense.}) 21... Bxg4 22. Ne3 {[#]} f5 $1 {[%mdl 512]} 23. h3 $2 (23. b3 {was necessary.} fxe4 24. bxc4) (23. Nxf5 Bxf5) 23... fxe4 24. f5 {White wants to play f6.} Qf6 {Played: Qd8-h4} 0-1

[Event "Romanian Open 2019"]
[Site "Alba Iulia"]
[Date "2019.10.31"]
[Round "6.11"]
[White "Talu, Mircea"]
[Black "Manush Shah"]
[Result "1/2-1/2"]
[WhiteElo "2288"]
[BlackElo "2352"]
[Annotator "NA"]
[PlyCount "54"]
[EventDate "2019.10.28"]
[EventType "swiss"]
[EventCountry "ROU"]
[SourceTitle "playchess.com"]
[Source "ChessBase"]
[SourceQuality "1"]
[TimeControl "5400+30"]

1. d4 {[%emt 0:00:00]} d5 {[%emt 0:02:05]} 2. c4 {[%emt 0:00:00]} c6 {[%emt 0:00:08]} 3. Nf3 {[%emt 0:00:00]} Nf6 {[%emt 0:00:05]} 4. Nc3 {[%emt 0:00:00]} e6 {[%emt 0:00:05]} 5. Bg5 {[%emt 0:00:32]} Nbd7 {[%emt 0:00:30]} 6. e3 {[%emt 0:01:48]} Qa5 {[%emt 0:00:02]} 7. Nd2 {[%emt 0:01:59]} Bb4 {[%emt 0:00:20]} 8. Qc2 {[%emt 0:24:49]} dxc4 {[%emt 0:04:02]} 9. Bxf6 {[%emt 0:00:11]} Nxf6 {[%emt 0:00:15]} 10. Nxc4 {[%emt 0:00:14]} Qd5 {[%emt 0:00:12]} 11. a3 {[%emt 0:01:46]} Bxc3+ {[%emt 0:00:08]} 12. Qxc3 {[%emt 0:00:07]} O-O {[%emt 0:00:48]} 13. f3 {[%emt 0:06:55]} c5 {[%emt 0:04:35]} 14. Rd1 {[%emt 0:07:10]} b6 {[%emt 0:06:13]} 15. e4 {[%emt 0:04:31]} Qg5 {[%emt 0:01:47]} 16. Qe3 {[%emt 0:03:58]} Qxe3+ {[%emt 0:01:39]} 17. Nxe3 {[%emt 0:00:18]} cxd4 {[%emt 0:00:02]} 18. Rxd4 {[%emt 0:00:09]} Bb7 {[%emt 0:00:26]} 19. Bb5 {[%emt 0:01:50]} Rac8 {[%emt 0:05:25]} 20. Ke2 {[%emt 0:00:47]} Rc5 {[%emt 0:00:27]} 21. Bc4 {[%emt 0:01:23]} Rfc8 {[%emt 0:05:18]} 22. Rhd1 {[%emt 0:00:57]} Kf8 {[%emt 0:02:01]} 23. b4 {[%emt 0:09:43]} Rxc4 {[%emt 0:03:40]} 24. Rxc4 {[%emt 0:00:02]} Ba6 {[%emt 0:00:12]} 25. Rdc1 {[%emt 0:00:03]} Nd7 {[%emt 0:01:39]} 26. Kf2 {[%emt 0:00:17]} Bxc4 {[%emt 0:00:06]} 27. Rxc4 {[%emt 0:00:05]} Rxc4 {[%emt 0:00:30]} 1/2-1/2

[Event "Romanian Open 2019"]
[Site "Alba Iulia"]
[Date "2019.10.31"]
[Round "6.12"]
[White "Stoleriu, George"]
[Black "Mehmed, Elif"]
[Result "1/2-1/2"]
[WhiteElo "2351"]
[BlackElo "2122"]
[Annotator "NA"]
[PlyCount "62"]
[EventDate "2019.10.28"]
[EventType "swiss"]
[EventCountry "ROU"]
[SourceTitle "playchess.com"]
[Source "ChessBase"]
[SourceQuality "1"]
[TimeControl "5400+30"]

1. e4 {[%emt 0:03:04]} c5 {[%emt 0:00:00]} 2. Nf3 {[%emt 0:00:04]} d6 {[%emt 0:00:00]} 3. Bb5+ {[%emt 0:00:04]} Nd7 {[%emt 0:00:00]} 4. d4 {[%emt 0:01:11]} cxd4 {[%emt 0:00:00]} 5. Qxd4 {[%emt 0:00:03]} a6 {[%emt 0:00:13]} 6. Bxd7+ {[%emt 0:00:03]} Bxd7 {[%emt 0:00:08]} 7. c4 {[%emt 0:00:04]} Nf6 {[%emt 0:00:09]} 8. Nc3 {[%emt 0:00:04]} g6 {[%emt 0:00:11]} 9. b3 {[%emt 0:15:10]} Bg7 {[%emt 0:02:00]} 10. Bb2 {[%emt 0:00:10]} O-O {[%emt 0:00:32]} 11. O-O {[%emt 0:03:40]} b5 {[%emt 0:02:27]} 12. cxb5 {[%emt 0:07:53]} axb5 {[%emt 0:00:12]} 13. Nd5 {[%emt 0:06:12]} Nh5 {[%emt 0:16:04]} 14. Qd2 {[%emt 0:00:49]} Bxb2 {[%emt 0:02:08]} 15. Qxb2 {[%emt 0:00:07]} Bc6 {[%emt 0:03:17]} 16. Nd4 {[%emt 0:02:31]} Bxd5 {[%emt 0:00:11]} 17. exd5 {[%emt 0:00:05]} Qd7 {[%emt 0:00:10]} 18. Qe2 {[%emt 0:02:36]} Nf6 {[%emt 0:02:39]} 19. Qxb5 {[%emt 0:08:13]} Qxb5 {[%emt 0:01:28]} 20. Nxb5 {[%emt 0:00:05]} Nxd5 {[%emt 0:00:09]} 21. Rad1 {[%emt 0:04:22]} Nb4 {[%emt 0:02:42]} 22. a4 {[%emt 0:00:03]} Rfc8 {[%emt 0:05:31]} 23. Rfe1 {[%emt 0:01:38]} Kf8 {[%emt 0:00:42]} 24. g3 {[%emt 0:01:58]} d5 {[%emt 0:00:36]} 25. h4 {[%emt 0:02:30]} e6 {[%emt 0:06:18]} 26. Re2 {[%emt 0:02:09]} Rc5 {[%emt 0:01:23]} 27. Kg2 {[%emt 0:02:42]} Re8 {[%emt 0:05:17]} 28. Rd4 {[%emt 0:05:05]} Nc6 {[%emt 0:02:53]} 29. Rdd2 {[%emt 0:00:28]} Nb4 {[%emt 0:02:59]} 30. Rd4 {[%emt 0:00:45]} Nc6 {[%emt 0:00:48]} 31. Rdd2 {[%emt 0:00:19]} Nb4 {[%emt 0:09:27]} 1/2-1/2

[Event "Romanian Open 2019"]
[Site "Alba Iulia"]
[Date "2019.11.01"]
[Round "7.1"]
[White "Omelja, Artem"]
[Black "Harutjunyan, Gevorg"]
[Result "1/2-1/2"]
[WhiteElo "2424"]
[BlackElo "2428"]
[Annotator "NA"]
[PlyCount "40"]
[EventDate "2019.10.28"]
[EventType "swiss"]
[EventCountry "ROU"]
[SourceTitle "playchess.com"]
[Source "ChessBase"]
[SourceQuality "1"]
[TimeControl "5400+30"]

1. Nf3 {[%emt 0:00:00]} Nf6 {[%emt 0:00:00]} 2. c4 {[%emt 0:00:00]} g6 {[%emt 0:00:00]} 3. Nc3 {[%emt 0:00:00]} Bg7 {[%emt 0:00:00]} 4. e4 {[%emt 0:00:03]} d6 {[%emt 0:00:20]} 5. d4 {[%emt 0:00:08]} O-O {[%emt 0:00:08]} 6. Be2 {[%emt 0:00:06]} e5 {[%emt 0:00:09]} 7. d5 {[%emt 0:00:09]} a5 {[%emt 0:02:27]} 8. Bg5 {[%emt 0:00:37]} h6 {[%emt 0:00:46]} 9. Bh4 {[%emt 0:00:19]} Na6 {[%emt 0:00:20]} 10. Nd2 {[%emt 0:00:16]} Qe8 {[%emt 0:00:53]} 11. b3 {[%emt 0:01:51]} Nc5 {[%emt 0:05:32]} 12. Qc2 {[%emt 0:34:17]} Bd7 {[%emt 0:03:03]} 13. f3 {[%emt 0:01:58]} Nh5 {[%emt 0:15:30]} 14. Bf2 {[%emt 0:00:12]} Qe7 {[%emt 0:00:47]} 15. g3 {[%emt 0:04:41]} f5 {[%emt 0:02:20]} 16. O-O-O {[%emt 0:07:06]} Nf6 {[%emt 0:00:58]} 17. Be3 {[%emt 0:08:01]} Na6 {[%emt 0:13:37]} 18. a3 {[%emt 0:04:31]} c6 {[%emt 0:08:27]} 19. Kb1 {[%emt 0:02:04]} Rfc8 {[%emt 0:02:31]} 20. Qb2 {[%emt 0:00:12]} Qe8 {[%emt 0:13:15]} 1/2-1/2

[Event "Romanian Open 2019"]
[Site "Alba Iulia"]
[Date "2019.11.01"]
[Round "7.3"]
[White "Manolache, Marius"]
[Black "David, Alexandru-Vasile"]
[Result "1/2-1/2"]
[WhiteElo "2548"]
[BlackElo "2424"]
[Annotator "ChessBase"]
[PlyCount "26"]
[EventDate "2019.10.28"]
[EventType "swiss"]
[EventCountry "ROU"]
[SourceTitle "playchess.com"]
[Source "ChessBase"]
[SourceQuality "1"]
[TimeControl "5400+30"]

1. d4 {[%emt 0:00:00]} Nf6 {[%emt 0:00:24]} 2. c4 {[%emt 0:00:00]} e6 {[%emt 0:00:04]} 3. Nf3 {[%emt 0:00:00]} d5 {[%emt 0:00:24]} 4. Nc3 {[%emt 0:01:47]} Bb4 {[%emt 0:00:05]} 5. Bg5 {[%emt 0:03:55]} h6 {[%emt 0:01:35]} 6. Bxf6 {[%emt 0:00:27]} Qxf6 {[%emt 0:00:06]} 7. Qa4+ {[%emt 0:00:53]} Nc6 {[%emt 0:00:06]} 8. e3 {[%emt 0:00:39]} O-O {[%emt 0:01:52]} 9. Qb3 {[%emt 0:01:58]} dxc4 {[%emt 0:03:23]} 10. Bxc4 {[%emt 0:00:46]} Bd6 {[%emt 0:00:08]} 11. Qc2 {[%emt 0:08:10]} e5 {[%emt 0:01:41]} 12. Nd5 {[%emt 0:00:39]} Qd8 {[%emt 0:00:49]} 13. dxe5 {[%emt 0:01:06]} Nxe5 {[%emt 0:03:03]} 1/2-1/2

[Event "Romanian Open 2019"]
[Site "Alba Iulia"]
[Date "2019.11.01"]
[Round "7.4"]
[White "Bhambure, Shantanu"]
[Black "Pap, Misa"]
[Result "1/2-1/2"]
[WhiteElo "2291"]
[BlackElo "2432"]
[Annotator "TA"]
[PlyCount "141"]
[EventDate "2019.10.28"]
[EventType "swiss"]
[EventCountry "ROU"]
[SourceTitle "playchess.com"]
[Source "ChessBase"]
[SourceQuality "1"]

{[%evp 9,141,27,56,45,65,51,46,36,33,41,51,58,79,75,87,47,61,65,68,12,106,0,6,24,10,33,16,0,31,0,39,30,15,28,42,26,28,0,6,0,39,47,67,69,80,89,103,103,103,103,95,103,95,74,103,82,103,103,103,103,103,81,98,78,90,60,60,60,75,60,68,0,81,68,112,69,69,0,69,69,69,69,205,202,382,414,415,405,397,348,395,407,406,400,414,403,391,385,563,552,1049,1020,882,855,712,0,0,0,0,0,0,0,0,0,0,0,0,0,0,0,0,0,0,0,0,0,0,0,0,0,0,0,0,0]} 1. d4 Nf6 2. c4 c5 3. d5 b5 4. cxb5 a6 5. bxa6 g6 6. Nc3 {A58: Benko/Volga Gambit: Lines with 5 bxa6} Bg7 7. a7 (7. e4 O-O 8. e5 Ne8 9. h4 Bxe5 10. Bh6 Bxa6 11. h5 Ng7 12. Nf3 Bxc3+ 13. bxc3 Bxf1 14. Kxf1 {1-0 (22) So,W (2780)-Duda,J (2737) chess.com INT 2018}) 7... Rxa7 8. e4 {White is slightly better.} O-O 9. Nf3 d6 10. Be2 Qa5 11. O-O Ba6 12. Bd2 {Strongly threatening Nb5.} Bxe2 13. Qxe2 Qa6 $146 {White should prevent ...Qxe2.} ({Predecessor:} 13... Rb7) 14. Rfe1 (14. Qd1 $14) 14... Nbd7 (14... Rb7 $11) 15. Qd1 ({Better is} 15. Nb5 $16) 15... Ng4 16. a4 Rb7 $1 17. Qc2 Qc4 18. Reb1 Rfb8 19. Ra3 Nge5 20. Nxe5 Nxe5 21. b3 Qa6 22. Ra2 Ra8 23. Nd1 Qe2 24. Nc3 $36 {[%mdl 2048] White fights for an advantage.} Qd3 25. Nb5 f5 26. exf5 $1 Qxd5 27. fxg6 hxg6 28. Bc3 Qd3 29. Bxe5 Qxc2 30. Rxc2 Bxe5 31. Re1 Bf6 32. g3 Kf7 33. f4 Ra6 34. Kg2 e6 35. Kf3 Be7 36. h4 d5 37. Rec1 Rbb6 38. Rb1 Ra5 39. Ke3 Ra8 40. Kf3 (40. Kf2 $14) 40... Rc8 (40... Ra5 $1 $11 {keeps the balance.}) 41. Rbc1 Ke8 42. Kg4 Kd7 43. Kf3 (43. Rd1 $14) 43... Rf8 ({Black should play} 43... Ke8 $1 $11) 44. Re2 Rc6 45. Kg4 Rf5 {[#]} (45... Rh8 $14) 46. b4 $1 $18 Rf6 $2 (46... c4 {is a better defense.} 47. Nd4 {[%mdl 64] Double Attack} Ra6) 47. bxc5 Rxc5 48. Rec2 Rxc2 49. Rxc2 {[%mdl 4096] Endgame KRB-KRN} Bd8 50. Nd4 Rf8 51. Nf3 Bf6 52. a5 {[%cal Ba4a5,Ba5a6][%mdl 32]} Ra8 53. Ra2 Kc6 (53... Kd6 $142 54. a6 d4) 54. Ne5+ Bxe5 55. fxe5 {KR-KR} d4 56. a6 Kd5 57. Ra5+ $2 ({Only move:} 57. Kf4 $18 Rf8+ 58. Kg5 Kxe5 59. a7 (59. Kxg6 d3 $18)) 57... Ke4 $1 $11 {The position is equal.} 58. Kg5 d3 59. Kxg6 d2 60. Ra1 {Hoping for Rd1.} Rxa6 ({Don't go for} 60... Kxe5 $2 61. Rd1 $18) 61. Rd1 Ke3 62. h5 {h6 is the strong threat.} Ra4 63. h6 Rg4+ 64. Kf6 Rxg3 65. Kxe6 {White wants to play Kf5.} Rg6+ 66. Kf7 Rxh6 67. e6 Rh7+ 68. Kf6 Ke2 {[#] ( -> ...Rh6+)} 69. Rxd2+ $1 {[%mdl 512]} Kxd2 70. e7 Rxe7 71. Kxe7 {Accuracy: White = 55%, Black = 51%.} 1/2-1/2